[Event "It (open) \"]
[Site "masterchessopen.com – Coulsdon (England)"]
[Date "2008.08.18"]
[Round "3"]
[White "Williams Peter A (ENG)"]
[Black "Tippleston Charles E (ENG)"]
[Result "0-1"]
[WhiteElo "1911"]
[BlackElo "2177"]

1.d4 Nf6 2.c4 e6 3.Nf3 b6 4.e3 Bb7 5.Bd3 Ne4 6.O-O Bd6 7.Nbd2 f5 8.Ne5 Qh4
9.f3 Nxd2 10.Bxd2 Nc6 11.Bc3 Nxe5 12.dxe5 Bc5 13.Qe2 a5 14.a3 a4 15.Bb4 Qe7
16.Bxc5 Qxc5 17.f4 Bc6 18.Kh1 O-O-O 19.e4 g6 20.exf5 gxf5 21.Qf2 Rhg8 {#R} 0-1

[Event "It (open)"]
[Site "masterchessopen.com – Collado Villalba (Spain)"]
[Date "2008.08.29"]
[Round "8"]
[White "Moreno Ruiz Javier (ESP)"]
[Black "Gago Padreny Ignacio (ESP)"]
[Result "1-0"]
[WhiteElo "2461"]
[BlackElo "2218"]

1.d4 Nf6 2.c4 e6 3.Nf3 b6 4.e3 Bb7 5.Bd3 Be7 6.O-O O-O 7.Nc3 d5 8.cxd5 exd5
9.b3 Nbd7 10.Bb2 c6 11.Ne5 Bd6 12.f4 c5 13.Qf3 Qe7 14.Rae1 Kh8 15.Bf5 Nb8
16.Qh3 Kg8 17.dxc5 Bxc5 18.Nxd5 Bxd5 19.Ng4 {#r} 1-0

[Event "Memorial Georgiev-Kesarovski (open)"]
[Site "masterchessopen.com – Sunny Beach (Bulgaria)"]
[Date "2008.09.14"]
[Round "9"]
[White "Armstrong Malcolm (ENG)"]
[Black "Michelakis Evaggelos (GRE)"]
[Result "1-0"]
[WhiteElo "2060"]
[BlackElo "1599"]

1.d4 Nf6 2.Nf3 e6 3.c4 b6 4.e3 Bb7 5.Bd3 Be7 6.Nc3 O-O 7.O-O c5 8.d5 exd5
9.cxd5 h6 10.e4 d6 11.h3 Nbd7 12.Bf4 Re8 13.Re1 Nf8 14.Qd2 Ng6 15.Bh2 Nh7
16.Qc2 Bc8 17.e5 dxe5 18.Nxe5 Ngf8 19.Nc6 Qd7 20.Bb5 Qb7 21.Nxe7+ Rxe7 22.Bc6
{#r} 1-0

[Event "Ch Europe (juniors) (under 10)"]
[Site "masterchessopen.com – Herceg Novi (Montenegro)"]
[Date "2008.09.17"]
[Round "3"]
[White "Shtembuliak Evgeny (UKR)"]
[Black "Vorontsov Pavlo (UKR)"]
[Result "0-1"]
[WhiteElo "2019"]
[BlackElo "2082"]

1.d4 Nf6 2.c4 e6 3.Nf3 b6 4.e3 Bb7 5.Bd3 Be7 6.Nbd2 d5 7.O-O O-O 8.Re1 Nbd7
9.b3 Ne4 10.Bb2 f5 11.Bxe4 fxe4 12.Ne5 Bd6 13.Qg4 Rf6 14.cxd5 Bxe5 15.dxe5 Rg6
16.Qf4 Nc5 17.Nxe4 Nd3 18.Qf3 Nxe1 19.Rxe1 Qxd5 20.Ng3 Qxf3 21.gxf3 Bxf3
22.Rc1 Rd8 23.Kf1 h5 24.h4 Rg4 25.Nxh5 Rxh4 26.Ng3 Rd2 {#R} 0-1

[Event "Ch Russia (seniors)"]
[Site "masterchessopen.com – Odintsovo (Russia)"]
[Date "2008.10.03"]
[Round "2"]
[White "Kostyuchenko Vladimir (RUS)"]
[Black "Kremenietsky Anatoly M (RUS)"]
[Result "0-1"]
[WhiteElo "2202"]
[BlackElo "2357"]

1.d4 Nf6 2.c4 e6 3.Nf3 b6 4.e3 Bb7 5.Nc3 Bb4 6.Bd2 O-O 7.Be2 c5 8.O-O cxd4
9.Nxd4 Nc6 10.Bf3 Rc8 11.Ncb5 Be7 12.Rc1 a6 13.Nxc6 dxc6 14.Nd4 Qc7 15.Ne2 c5
16.Nc3 Rfd8 17.Bxb7 Qxb7 18.Qc2 h5 19.h3 b5 20.Nb1 b4 21.Rfd1 Qe4 22.Qxe4 Nxe4
23.f3 Nd6 24.b3 {#R} 0-1

[Event "It (open)"]
[Site "masterchessopen.com – Reunion (France)"]
[Date "2008.10.13"]
[Round "4"]
[White "Desor Helmut (GER)"]
[Black "Lorans Sylvain (FRA)"]
[Result "0-1"]
[WhiteElo "1791"]
[BlackElo "2211"]

1.d4 Nf6 2.Nf3 e6 3.e3 b6 4.c4 Bb7 5.Nbd2 c5 6.b3 cxd4 7.Nxd4 Na6 8.f3 Be7
9.Bd3 O-O 10.O-O d5 11.a3 e5 12.Nf5 e4 13.Nxe7+ Qxe7 14.fxe4 dxe4 15.Be2 Qc5
16.Kh1 Rad8 17.Qc2 Qxe3 18.Re1 Ng4 19.h3 Qg3 20.hxg4 Qxe1+ 21.Nf1 e3 {#R} 0-1

[Event "Cup European Club (final)"]
[Site "masterchessopen.com – Kallithea (Greece)"]
[Date "2008.10.21"]
[Round "5"]
[White "Mcphillips Karl (IRL)"]
[Black "Karkanaqe Ilir (ALB)"]
[Result "0-1"]
[WhiteElo "2222"]
[BlackElo "2383"]

1.d4 Nf6 2.c4 e6 3.Nf3 b6 4.e3 Bb7 5.Bd3 c5 6.Nc3 Be7 7.O-O a6 8.Re1 cxd4
9.exd4 d5 10.cxd5 Nxd5 11.Ne5 Nxc3 12.bxc3 Nd7 13.Qg4 Nxe5 14.Rxe5 Bf6 15.Rh5
g6 16.Rh3 O-O 17.Bf4 Rc8 18.Re1 b5 19.Ree3 Rxc3 20.Reg3 Rxd3 21.Rxd3 Be4
22.Bg5 Bxg5 23.Qxe4 Qd5 {#R} 0-1

[Event "Olympiad"]
[Site "masterchessopen.com – Dresden (Germany)"]
[Date "2008.11.13"]
[Round "1"]
[White "Babula Vlastimil (CZE)"]
[Black "Xie George Wendi (AUS)"]
[Result "1-0"]
[WhiteElo "2608"]
[BlackElo "2403"]

1.d4 Nf6 2.c4 e6 3.Nf3 b6 4.e3 Bb4+ 5.Bd2 Be7 6.Nc3 Bb7 7.Bd3 d5 8.Qa4+ c6
9.cxd5 exd5 10.O-O O-O 11.b4 Nbd7 12.Qb3 Bd6 13.Rfe1 Re8 14.e4 Nxe4 15.Nxe4
dxe4 16.Ng5 Rf8 17.Bc4 Qf6 18.Qh3 h6 19.Nxe4 Qxd4 20.Bc3 Bxh2+ 21.Kxh2 Qxc4
22.Qg4 {#r} 1-0

[Event "Cup Tenkes (open)"]
[Site "masterchessopen.com – Harkany (Hungary)"]
[Date "2008.11.14"]
[Round "1"]
[White "Malaniuk Vladimir P (UKR)"]
[Black "Amstadt Aron (HUN)"]
[Result "1-0"]
[WhiteElo "2534"]
[BlackElo "2196"]

1.d4 Nf6 2.Nf3 e6 3.c4 b6 4.e3 Bb7 5.Nc3 d5 6.cxd5 exd5 7.Bb5+ c6 8.Bd3 Nbd7
9.O-O Bd6 10.e4 dxe4 11.Nxe4 Nxe4 12.Bxe4 O-O 13.Bg5 Qc7 14.Rc1 h6 15.Bh4 Bf4
16.Rc2 Rac8 17.d5 Ne5 18.Nd4 c5 19.Nf5 Rce8 20.Be7 Ng6 21.d6 Qd7 22.Bxb7 Qxb7
23.Bxf8 Rxf8 24.Re1 {#r} 1-0

[Event "It (cat.8)"]
[Site "masterchessopen.com – Budapest (Hungary)"]
[Date "2008.12.16"]
[Round "11"]
[White "Skomorokhin Roman (RUS)"]
[Black "Paschall William M (USA)"]
[Result "1-0"]
[WhiteElo "2400"]
[BlackElo "2351"]

1.d4 Nf6 2.c4 e6 3.Nf3 b6 4.e3 Bb7 5.Bd3 c5 6.O-O Be7 7.Nc3 cxd4 8.exd4 d5
9.cxd5 Nxd5 10.Ne5 O-O 11.Qg4 Nf6 12.Qg3 Nc6 13.Rd1 Qe8 14.Nb5 Rc8 15.Nxc6
Qxc6 16.Nxa7 Qa4 17.Bh6 Nh5 18.Qg4 Qxa7 19.Qxh5 g6 20.Qe5 f6 21.Qxe6+ Rf7
22.Bc4 Rxc4 23.Qxc4 Qa8 24.Rac1 Bd6 25.Re1 {#r} 1-0

[Event "It (open)"]
[Site "masterchessopen.com – Vandoeuvre (France)"]
[Date "2008.12.27"]
[Round "4"]
[White "Oster Jean-Marie (FRA)"]
[Black "Mikulskas Arnoldas (LTU)"]
[Result "0-1"]
[WhiteElo "1611"]
[BlackElo "2018"]

1.Nf3 Nf6 2.c4 b6 3.e3 e6 4.d4 Bb4+ 5.Nc3 Bxc3+ 6.bxc3 Nc6 7.d5 Na5 8.Ba3 d6
9.Qd3 Ba6 10.Nd2 exd5 11.Qd4 c5 12.Qh4 dxc4 13.Bxc4 Nxc4 14.Nxc4 g5 15.Nxd6+
Qxd6 16.Qxg5 Ne4 {#R} 0-1

[Event "It (masters)"]
[Site "masterchessopen.com – Hastings (England)"]
[Date "2008.12.29"]
[Round "2"]
[White "Mcphillips Karl (IRL)"]
[Black "Adair James (ENG)"]
[Result "1-0"]
[WhiteElo "2222"]
[BlackElo "2072"]

1.d4 Nf6 2.c4 e6 3.Nf3 b6 4.e3 Bb7 5.Bd3 d5 6.Nc3 Bd6 7.cxd5 exd5 8.b3 O-O
9.Bb2 Nbd7 10.O-O a6 11.Rc1 Qe7 12.Ne2 Ne4 13.Qc2 Rac8 14.Ng3 f5 15.Qe2 Ra8
16.Rc2 g6 17.Rfc1 Rf7 18.Nf1 h5 19.Ne1 h4 20.f3 Nef6 21.Qd1 {#r} 1-0

[Event "It (masters)"]
[Site "masterchessopen.com – Hastings (England)"]
[Date "2008.12.30"]
[Round "3"]
[White "Marusenko Petr (UKR)"]
[Black "Donovan Nigel (ENG)"]
[Result "1-0"]
[WhiteElo "2320"]
[BlackElo "2093"]

1.d4 Nf6 2.c4 e6 3.Nf3 b6 4.e3 Bb7 5.Bd3 c5 6.O-O Be7 7.b3 O-O 8.Bb2 cxd4
9.exd4 d6 10.Nc3 Nbd7 11.Qe2 Re8 12.Rad1 Nf8 13.Rfe1 Ng6 14.Bc1 Rc8 15.Ng5 Nd5
16.Nxf7 Ndf4 17.Nxd8 Nxe2+ 18.Rxe2 Bxd8 19.Nb5 {#r} 1-0

[Event "It (masters)"]
[Site "masterchessopen.com – Hastings (England)"]
[Date "2009.01.03"]
[Round "7"]
[White "Flear Christine (FRA)"]
[Black "Mcphillips Karl (IRL)"]
[Result "1-0"]
[WhiteElo "2148"]
[BlackElo "2231"]

1.d4 Nf6 2.c4 e6 3.Nf3 b6 4.e3 Bb7 5.Be2 d5 6.O-O Bd6 7.Nc3 O-O 8.cxd5 exd5
9.Ne5 Ne4 10.Nxe4 dxe4 11.f4 Nd7 12.Qc2 Nf6 13.Bd2 c5 14.dxc5 Bxc5 15.b4 Bd6
16.Nc4 Rc8 17.Qb2 Bc7 18.Bc3 Ba8 19.b5 Re8 20.Rad1 Qe7 21.Bb4 {#r} 1-0

[Event "It (open)"]
[Site "masterchessopen.com – Bosnjaci (Croatia)"]
[Date "2009.01.06"]
[Round "6"]
[White "Galoic Boris (CRO)"]
[Black "Logar Metod (SLO)"]
[Result "0-1"]
[WhiteElo "1965"]
[BlackElo "2092"]

1.d4 Nf6 2.Nf3 e6 3.c4 b6 4.e3 Bb7 5.Nc3 Bb4 6.a3 Bxc3+ 7.bxc3 Ne4 8.Bb2 d6
9.Bd3 Nd7 10.O-O f5 11.a4 a5 12.Qb3 Qe7 13.Ba3 O-O 14.Rad1 Ng5 15.Nxg5 Qxg5
16.g3 Bf3 17.c5 Rf6 18.Be2 Bxe2 19.f4 Qg4 20.cxd6 cxd6 21.Bxd6 Bxf1 22.Rxf1
Qe2 23.c4 Rh6 {#R} 0-1

[Event "It (open)"]
[Site "masterchessopen.com – Prague (Czech Republic)"]
[Date "2009.01.10"]
[Round "2"]
[White "Paseka Christian (AUT)"]
[Black "Jose Polanco Kenia (DOM)"]
[Result "0-1"]
[WhiteElo "1790"]
[BlackElo "2022"]

1.d4 e6 2.Nf3 Nf6 3.c4 b6 4.e3 Bb7 5.Bd3 Na6 6.Nc3 c5 7.O-O Be7 8.b3 O-O 9.Bb2
cxd4 10.exd4 d5 11.cxd5 Nxd5 12.Nxd5 Qxd5 13.Bc4 Qh5 14.Be2 Rad8 15.Ne1 Qh6
16.Bf3 Bd6 17.g3 Bc8 18.Qc1 Qg6 19.Qc2 Qf6 20.Nd3 Qxf3 21.Ne1 Qd5 22.Nd3 Qf3
23.Ne1 Qd5 24.Nd3 Bb7 25.f3 Qh5 26.f4 Qd5 {#R} 0-1

[Event "Ch Mediterranean"]
[Site "masterchessopen.com – Antalya (Turkey)"]
[Date "2009.01.12"]
[Round "3"]
[White "Gelashvili Tamaz (GEO)"]
[Black "Georgiadis Ioannis (GRE)"]
[Result "1-0"]
[WhiteElo "2605"]
[BlackElo "2438"]

1.d4 Nf6 2.Nf3 e6 3.c4 b6 4.e3 Bb7 5.Bd3 d5 6.O-O Bd6 7.Nc3 O-O 8.b3 a6 9.Bb2
Nbd7 10.Rc1 Qe7 11.cxd5 exd5 12.Ne2 Ne4 13.Qc2 Rac8 14.Ng3 f5 15.Qe2 Ra8
16.Rc2 g5 17.Rfc1 g4 18.Bxe4 dxe4 19.Ne5 Qe6 20.Nh5 Qh6 21.Qc4+ Kh8 22.Nf7+
Rxf7 23.Qxf7 Rf8 24.Qxd7 Qxh5 25.d5+ Kg8 26.Qg7# 1-0

[Event "Ch Europe"]
[Site "masterchessopen.com – Budva (Montenegro)"]
[Date "2009.03.11"]
[Round "6"]
[White "Cvitan Ognjen (CRO)"]
[Black "Lubczynski Rafal (POL)"]
[Result "1-0"]
[WhiteElo "2521"]
[BlackElo "2425"]

1.c4 Nf6 2.Nf3 e6 3.d4 b6 4.e3 Bb7 5.Bd3 c5 6.O-O Be7 7.Nc3 cxd4 8.exd4 d5
9.cxd5 Nxd5 10.Ne5 O-O 11.Qh5 g6 12.Qh3 Nxc3 13.bxc3 Nd7 14.Bh6 Re8 15.Bb5
Nxe5 16.dxe5 Qd5 17.Bxe8 Rxe8 18.Qg3 Rd8 19.h3 Bc6 20.Rfe1 b5 21.Red1 Qc5
22.Rxd8+ Bxd8 {#r} 1-0

[Event "Memorial Juan Mila (open)"]
[Site "masterchessopen.com – Bogota (Colombia)"]
[Round "2"]
[White "Vittorino Carlo (COL)"]
[Black "Avila Pedro (COL)"]
[Result "1-0"]
[WhiteElo "2330"]
[BlackElo "2118"]

1.d4 Nf6 2.c4 e6 3.Nf3 b6 4.e3 Bb7 5.Bd3 Ne4 6.O-O Be7 7.Qc2 f5 8.Nbd2 Nxd2
9.Bxd2 O-O 10.e4 g6 11.b4 Qe8 12.Bh6 Bxb4 13.Bxf8 Bxf8 14.Rfe1 Qf7 15.exf5
exf5 16.Ne5 Qf6 17.c5 d5 18.cxb6 cxb6 19.Qc7 Qg7 20.Rac1 Ba6 21.Qd8 Qe7
22.Qxd5+ {#r} 1-0

[Event "Ch Europe (schools) (team)"]
[Site "masterchessopen.com – Varna (Bulgaria)"]
[Date "2009.06.13"]
[Round "1"]
[White "Losik Pavel (BLR)"]
[Black "Kazimova Narmin (AZE)"]
[Result "0-1"]
[WhiteElo "1860"]
[BlackElo "2218"]

1.d4 Nf6 2.c4 e6 3.Nf3 b6 4.e3 Bb7 5.Bd3 Ne4 6.O-O f5 7.Ne5 Nf6 8.Nc3 Bb4
9.Ne2 O-O 10.a3 Bd6 11.b4 Bxe5 12.dxe5 Ng4 13.Bb2 Nc6 14.Bc2 Ncxe5 15.Qd4 c5
16.bxc5 bxc5 17.Qc3 Qh4 18.h3 Rf6 19.Ng3 Nf3+ {#R} 0-1

[Event "Ch Schleswig Holstein (seniors)"]
[Site "masterchessopen.com – Eckernfoerde (Germany)"]
[Date "2009.10.01"]
[Round "6"]
[White "Husfeld Peter (GER)"]
[Black "Buenger Gerhardt (GER)"]
[Result "1-0"]
[WhiteElo "1865"]
[BlackElo "1887"]

1.Nf3 Nf6 2.d4 e6 3.e3 b6 4.c4 Bb7 5.Bd3 Ne4 6.O-O Be7 7.Nfd2 f5 8.f3 Nxd2
9.Bxd2 c5 10.Bc3 O-O 11.Qe2 Bf6 12.dxc5 bxc5 13.Bxf6 Qxf6 14.Nc3 d5 15.Nb5 Nd7
16.f4 a6 17.Nd6 Bc6 18.cxd5 exd5 19.Nxf5 Bb5 20.Ng3 c4 21.Bc2 Nc5 22.Qh5 Rfd8
23.Bxh7+ Kf8 24.Bg6 Ne6 25.Nf5 {#r} 1-0

[Event "Ch Slovakia (team) 2009/10 (1 liga) East"]
[Site "masterchessopen.com – Slovakia"]
[Date "2009.10.18"]
[Round "2"]
[White "Sedlakova Ivana (SVK)"]
[Black "Kopnicky Frantisek (SVK)"]
[Result "1-0"]
[WhiteElo "2101"]
[BlackElo "1994"]

1.d4 Nf6 2.c4 e6 3.Nf3 b6 4.e3 Be7 5.Nc3 Bb7 6.Be2 O-O 7.O-O d5 8.b3 Nbd7
9.Bb2 Rc8 10.Rc1 c6 11.Qc2 c5 12.Ne5 cxd4 13.exd4 Nxe5 14.dxe5 Nd7 15.f4 dxc4
16.Bxc4 Bc5+ 17.Kh1 Qh4 18.Qe2 g6 19.Ne4 Rcd8 20.Bb5 Bb4 21.Bxd7 Bxe4 22.Qxe4
Bd2 23.Rc7 Qe7 24.Qa4 {#r} 1-0

[Event "It (open) (seniors)"]
[Site "masterchessopen.com – Bad Bertrich (Germany)"]
[Date "2009.12.09"]
[Round "6"]
[White "Schumacher Gottfried (GER)"]
[Black "Kunz Konstantin (GER)"]
[Result "1-0"]
[WhiteElo "2229"]
[BlackElo "2282"]

1.d4 Nf6 2.c4 e6 3.Nf3 b6 4.e3 Bb7 5.Be2 c5 6.O-O h6 7.b3 cxd4 8.Nxd4 Be7
9.Nc3 O-O 10.Bb2 Nc6 11.Bf3 Qc7 12.Rc1 Rac8 13.Nd5 exd5 14.cxd5 Nxd4 15.Rxc7
Nxf3+ 16.gxf3 Rxc7 17.d6 Bxd6 18.Qxd6 Ba6 19.Be5 {#r} 1-0

[Event "Regionalliga Northeast 2009/10"]
[Site "masterchessopen.com – Bayern (Germany)"]
[Date "2009.12.13"]
[Round "4"]
[White "Grabert Ralf (GER)"]
[Black "Alsheimer Christoph (GER)"]
[Result "0-1"]
[WhiteElo "2260"]
[BlackElo "2138"]

1.d4 Nf6 2.Nf3 e6 3.c4 b6 4.e3 Bb7 5.Bd3 Ne4 6.O-O f5 7.Nc3 d5 8.Ne5 Bd6
9.cxd5 Bxe5 10.dxe5 Nxc3 11.bxc3 Qxd5 12.Qh5+ g6 13.Qg5 O-O 14.Rd1 Qxe5 15.Ba3
Rf7 16.Rab1 Nd7 17.Bc4 Nf8 18.Rd4 c5 19.Rh4 Qxc3 20.Bb3 Be4 21.Bb2 Qd3 22.Rd1
Qe2 23.Rxe4 fxe4 {#R} 0-1

[Event "It \"]
[Site "masterchessopen.com – Nizhnij Tagil (Russia)"]
[Date "2009.12.14"]
[Round "12"]
[White "Kaliberda Vladimir (UKR)"]
[Black "Orekhov Evgeny (RUS)"]
[Result "1-0"]
[WhiteElo "2308"]
[BlackElo "2474"]

1.d4 Nf6 2.c4 e6 3.Nf3 b6 4.e3 Bb7 5.Bd3 c5 6.O-O cxd4 7.Nxd4 d5 8.cxd5 Nxd5
9.Bd2 Be7 10.Nc3 O-O 11.Nxd5 Qxd5 12.f3 Na6 13.Bc3 Nc5 14.Bc2 Qg5 15.Qe1 Rfd8
16.Rd1 Rac8 17.Qf2 Bf6 18.e4 Qh5 19.Qg3 Ba6 20.Nc6 Bxc3 21.bxc3 Bxf1 22.Qc7
Rf8 23.Ne7+ Kh8 24.Nxc8 Ba6 25.Rd8 {#r} 1-0

[Event "Cup Krasnodar (open)"]
[Site "masterchessopen.com – Krasnodar (Russia)"]
[Date "2009.12.18"]
[Round "7"]
[White "Borodkin Yury (RUS)"]
[Black "Bukarin Mikhail (RUS)"]
[Result "0-1"]
[WhiteElo "2019"]
[BlackElo "1854"]

1.d4 Nf6 2.c4 e6 3.Nf3 b6 4.e3 Bb7 5.Be2 Be7 6.O-O O-O 7.Nc3 d5 8.b3 c5 9.Bb2
Nc6 10.Rc1 Rc8 11.Qd2 dxc4 12.bxc4 cxd4 13.exd4 Na5 14.Ne5 Nd7 15.Rfd1 Nxe5
16.dxe5 Qxd2 17.Rxd2 Bg5 18.Rd7 Bxc1 19.Bxc1 Rfd8 20.Rxd8+ Rxd8 21.f3 Ba6
22.Bg5 Rc8 23.Nb5 Bxb5 24.cxb5 Rc2 {#R} 0-1

[Event "Ch Chess Club"]
[Site "masterchessopen.com – Lvov (Ukraine)"]
[Date "2010.01.21"]
[Round "2"]
[White "Podolsky Anton (UKR)"]
[Black "Nester Igor (UKR)"]
[Result "1-0"]
[WhiteElo "2157"]
[BlackElo "2340"]

1.d4 Nf6 2.Nf3 e6 3.c4 b6 4.e3 Bb7 5.Bd3 c5 6.O-O Be7 7.Nc3 cxd4 8.exd4 O-O
9.d5 h6 10.Bf4 Bb4 11.Nb5 exd5 12.Bc7 Qc8 13.cxd5 Bxd5 14.Be5 Ne8 15.Rc1 Nc6
16.Bb1 Be6 17.Nfd4 Qd8 18.Qc2 g6 19.Nxe6 Qe7 20.Nxf8 Nxe5 21.Qe4 Rd8 22.Ne6
{#r} 1-0

[Event "Ch Provinciale MB"]
[Site "masterchessopen.com – Ceriano Laghetto (Italy)"]
[Round "6"]
[White "Borserini Mirko (ITA)"]
[Black "Origgio Stefano (ITA)"]
[Result "0-1"]
[WhiteElo "1668"]
[BlackElo "1774"]

1.d4 Nf6 2.c4 e6 3.Nf3 b6 4.e3 Bb7 5.Be2 d5 6.Nc3 Be7 7.O-O O-O 8.Bd2 Nbd7
9.a3 dxc4 10.Bxc4 Ne4 11.Rc1 Ndf6 12.Bd3 Nxd2 13.Nxd2 c5 14.Ne2 Qd5 15.Nf4 Qd7
16.Nb3 cxd4 17.exd4 Nd5 18.Ne2 Bf6 19.Be4 Bg5 20.Rc2 Ne3 21.fxe3 Bxe3+ 22.Kh1
Bxe4 {#R} 0-1

[Event "Ch Slovakia (juniors) (under 16)"]
[Site "masterchessopen.com – Ruzomberok (Slovakia)"]
[Date "2010.02.21"]
[Round "1"]
[White "Sucik Samuel"]
[Black "Kovac Andrej (SVK)"]
[Result "0-1"]
[WhiteElo "1671"]
[BlackElo "2132"]

1.d4 Nf6 2.c4 e6 3.Nf3 b6 4.e3 Bb7 5.Bd3 d5 6.b3 Bd6 7.O-O O-O 8.Bb2 Nbd7
9.Nc3 a6 10.Qe2 Ne4 11.Rad1 Qe7 12.Nd2 f5 13.f4 Rf6 14.Qe1 Rg6 15.Nf3 Rf8
16.Be2 Ndf6 17.Ra1 Ng4 18.Bd1 Rh6 19.a3 dxc4 20.bxc4 Nxc3 21.Qxc3 Bxf3 22.Bxf3
Rxh2 23.Bxg4 Qh4 {#R} 0-1

[Event "Memorial Dautov (open)"]
[Site "masterchessopen.com – Ufa (Russia)"]
[Date "2010.04.04"]
[Round "2"]
[White "Zijatdinov Ramil (RUS)"]
[Black "Aplaev Yuriy (RUS)"]
[Result "0-1"]
[WhiteElo "1754"]
[BlackElo "2163"]

1.d4 Nf6 2.c4 e6 3.Nf3 b6 4.e3 Bb7 5.Be2 Be7 6.Nc3 O-O 7.O-O d5 8.cxd5 exd5
9.b3 Nbd7 10.Bb2 Ne4 11.Ne5 Nxc3 12.Bxc3 Nxe5 13.dxe5 c5 14.Bf3 Qd7 15.Qe2
Rad8 16.Rfd1 Qc8 17.Rac1 a5 18.b4 axb4 19.Bxb4 Ba6 20.Qb2 Bc4 21.Bc3 Qc6
22.Ba5 bxa5 23.Rxc4 dxc4 24.Rxd8 Rxd8 {#R} 0-1

[Event "It (open)"]
[Site "masterchessopen.com – Elancourt (France)"]
[Date "2010.04.28"]
[Round "5"]
[White "Vallobra Pierre (FRA)"]
[Black "Bedouin Xavier (FRA)"]
[Result "0-1"]
[WhiteElo "2107"]
[BlackElo "2401"]

1.d4 Nf6 2.c4 e6 3.Nf3 b6 4.e3 Bb7 5.Be2 d5 6.O-O Bd6 7.Nc3 a6 8.Nd2 O-O 9.Bf3
Nbd7 10.e4 dxe4 11.Ndxe4 Nxe4 12.Nxe4 Bxe4 13.Bxe4 Bxh2+ 14.Kh1 Qh4 15.Re1
Bg3+ {#R} 0-1

[Event "It (open)"]
[Site "masterchessopen.com – Eforie Nord (Romania)"]
[Date "2010.06.26"]
[Round "3"]
[White "Maksimovic Suzana (SRB)"]
[Black "Tusu Nicolae-Dan (ROM)"]
[Result "1-0"]
[WhiteElo "2241"]
[BlackElo "2069"]

1.d4 Nf6 2.c4 e6 3.Nf3 b6 4.e3 Be7 5.Bd3 Bb7 6.Nc3 d6 7.O-O O-O 8.b3 Nbd7
9.Bb2 h6 10.Qc2 Bxf3 11.gxf3 e5 12.dxe5 dxe5 13.Rad1 Bd6 14.Bf5 Qe7 15.Kh1
Rad8 16.Rg1 Nh5 17.Nd5 Qe8 18.f4 Ndf6 19.Nxf6+ Nxf6 20.fxe5 Bxe5 21.Rxd8 Qc6+
22.e4 {#r} 1-0

[Event "It (open) (b)"]
[Site "masterchessopen.com – Kowalewo Pomorskie (Poland)"]
[Date "2010.07.04"]
[Round "1"]
[White "Dobrowolski Marcin (POL)"]
[Black "Cybulski Maciej (POL)"]
[Result "1-0"]
[WhiteElo "1934"]
[BlackElo "1676"]

1.d4 Nf6 2.c4 e6 3.Nf3 b6 4.e3 Bb7 5.Bd3 Na6 6.Nc3 Nb4 7.Bb1 c5 8.O-O Qc7 9.a3
cxd4 10.exd4 Na6 11.Ne5 d6 12.Qa4+ Nd7 13.Nb5 Qc8 14.Nxd7 Qxd7 15.Bf4 e5
16.Bf5 Qc6 17.Be4 d5 18.Bxd5 {#r} 1-0

[Event "Ch Belgium (open)"]
[Site "masterchessopen.com – Westerlo (Belgium)"]
[Date "2010.07.05"]
[Round "3"]
[White "Mangelschots Peter (BEL)"]
[Black "Busschots Johan (BEL)"]
[Result "1-0"]
[WhiteElo "2036"]
[BlackElo "1944"]

1.d4 Nf6 2.Nf3 e6 3.e3 b6 4.c4 Bb7 5.Bd3 d5 6.O-O Nbd7 7.b3 Bd6 8.Bb2 O-O
9.Ne5 Rc8 10.Nd2 Ne4 11.cxd5 exd5 12.f3 Nxd2 13.Qxd2 Re8 14.Bf5 Bxe5 15.dxe5
Ra8 16.f4 Nc5 17.Rfd1 g6 18.Bc2 Ne4 19.Bxe4 dxe4 20.Qc3 Qe7 21.e6 f6 22.Rd7
Qxe6 23.Qxc7 Bc6 24.Rg7+ Kf8 25.Ba3+ {#r} 1-0

[Event "Ch Turkey (team)"]
[Site "masterchessopen.com – Konya (Turkey)"]
[Date "2010.07.06"]
[Round "10"]
[White "Gelashvili Tamaz (GEO)"]
[Black "Adams Michael (ENG)"]
[Result "0-1"]
[WhiteElo "2611"]
[BlackElo "2728"]

1.d4 Nf6 2.c4 e6 3.Nf3 b6 4.e3 Bb7 5.Bd3 d5 6.O-O Bd6 7.Nc3 O-O 8.b3 Nbd7
9.Bb2 a6 10.Rc1 Qe7 11.cxd5 exd5 12.Ne2 Ne4 13.Qc2 Rac8 14.Ng3 g6 15.Qe2 Rfe8
16.Rc2 h5 17.Rfc1 h4 18.Nf1 h3 19.g3 b5 20.a4 bxa4 21.bxa4 {#R} 0-1

[Event "Ch Poland (team) (juniors) (2 liga)"]
[Site "masterchessopen.com – Chelm (Poland)"]
[Date "2010.07.13"]
[Round "10"]
[White "Szusterowski Przemyslaw (POL)"]
[Black "Sobolewski Bartosz (POL)"]
[Result "1-0"]
[WhiteElo "1844"]
[BlackElo "1889"]

1.d4 e6 2.c4 Nf6 3.Nf3 b6 4.e3 Bb7 5.Be2 Be7 6.O-O O-O 7.Nc3 Ne4 8.Nxe4 Bxe4
9.Bd3 f5 10.b3 d6 11.Bxe4 fxe4 12.Nd2 d5 13.f3 exf3 14.Nxf3 Nd7 15.Bb2 Bd6
16.Qd3 Qe7 17.e4 c6 18.e5 Bc7 19.cxd5 cxd5 20.a4 Rf5 21.Ba3 Qe8 22.Rac1 Bd8
23.Qa6 Rf7 24.Qb5 Nb8 25.Rc8 {#r} 1-0

[Event "It (open)"]
[Site "masterchessopen.com – Figueres (Spain)"]
[Date "2010.08.18"]
[Round "9"]
[White "Vilanova Olmedo Ignaci (ESP)"]
[Black "Padrosa Baro Carles (ESP)"]
[Result "0-1"]
[WhiteElo "1690"]
[BlackElo "1862"]

1.d4 Nf6 2.Nf3 e6 3.e3 b6 4.c4 Bb7 5.Be2 Be7 6.O-O O-O 7.Nc3 Ne4 8.Nxe4 Bxe4
9.b3 d5 10.Bb2 Nd7 11.Nd2 Bg6 12.Rc1 c5 13.dxc5 Nxc5 14.Nf3 Rc8 15.cxd5 exd5
16.b4 Ne4 17.Rxc8 Qxc8 18.Qxd5 Rd8 19.Qb3 Nd2 20.Nxd2 Rxd2 21.Rc1 Qd8 22.Ba6
Bc2 23.Rd1 Rxd1+ {#R} 0-1

[Event "It (open)"]
[Site "masterchessopen.com – Iasi (Romania)"]
[Date "2010.08.22"]
[Round "5"]
[White "Stegariu Alexandru (ROM)"]
[Black "Itkis Boris (ROM)"]
[Result "0-1"]
[WhiteElo "2029"]
[BlackElo "2436"]

1.d4 Nf6 2.c4 e6 3.Nf3 b6 4.e3 Bb7 5.Be2 d5 6.O-O Nbd7 7.Nc3 a6 8.a3 c5 9.cxd5
exd5 10.Rb1 Qc7 11.dxc5 bxc5 12.Na2 a5 13.b3 Be7 14.Qc2 O-O 15.b4 axb4 16.axb4
d4 17.Nd2 dxe3 18.fxe3 Nd5 19.Nb3 cxb4 20.Qxc7 Nxc7 21.Nxb4 Bxb4 22.Nd4 Na6
23.Rd1 {#R} 0-1